|
|
|
|
| LEADER |
00000nam a2200000 a 4500 |
| 001 |
vtls001459731 |
| 003 |
SK-MaSNL |
| 005 |
20260301203517.0 |
| 008 |
240313s2002 xo a slo |
| 015 |
|
|
|a SNBA2004/01-00207
|
| 020 |
|
|
|a 8080700176
|
| 035 |
|
|
|a SNK000415038
|
| 035 |
|
|
|a urn:nbn:sk:snk-amls07
|
| 035 |
|
|
|a urn:nbn:sk:snk-am00cb4g
|
| 035 |
|
|
|a 42C95BFD-ACF0-472C-9D76-7A08707D2B80
|
| 040 |
|
|
|a SNK
|b slo
|c SNK
|e AACR2
|
| 041 |
0 |
|
|a slo
|
| 044 |
|
|
|a xo
|c SK
|
| 072 |
|
7 |
|a 613
|x Hygiena. Ľudské zdravie
|2 konspekt
|
| 080 |
|
|
|a 612.39
|2 1981
|
| 080 |
|
|
|a 613.2
|2 1981
|
| 080 |
|
|
|a (075.3)
|2 1981
|
| 080 |
|
|
|a (035)
|2 1981
|
| 100 |
1 |
|
|a Ťažká, Ľuboslava
|4 aut
|9 587091
|
| 245 |
1 |
|
|a Náuka o výžive
|b [učebné texty pre žiakov stredných škôl]
|c Ľuboslava Ťažká
|
| 250 |
|
|
|a 1. vyd.
|
| 260 |
|
|
|a [Žilina]
|b Žilinská univerzita
|c 2002
|
| 300 |
|
|
|a 128 s.
|b fotogr., ilustr., sch., tab.
|c 29 cm
|
| 500 |
|
|
|a Vyd. pre Hotelovú akadémiu
|
| 500 |
|
|
|a 200 výt.
|
| 504 |
|
|
|a Bibliogr. s. 128
|
| 650 |
0 |
7 |
|a výživa človeka
|2 SNKPH
|9 4211
|
| 650 |
0 |
7 |
|a hygiena výživy
|2 SNKPH
|9 2488
|
| 655 |
|
7 |
|a učebnice stredných škôl
|2 SNKPH
|9 69323
|
| 655 |
|
7 |
|a príručky
|2 SNKPH
|9 74364
|
| 710 |
0 |
|
|a Hotelová akadémia Žilina, Slovensko
|4 pbl
|9 587092
|
| 919 |
|
|
|a 80-8070-017-6
|
| 968 |
|
|
|d 61
|
| 999 |
|
|
|c 902887
|d 904817
|
| 952 |
|
|
|t P60, <03>, [BOOK], {603}
|a SNK
|b SNK
|y PREZ
|7 0
|p 17A0396725
|o snkSB 67231
|i snkKSP 11812/2003
|0 0
|1 0
|4 0
|d 2003-09-10
|f 1
|l 0
|r 2025-04-16 00:00:00
|w 2026-02-24
|
| 952 |
|
|
|t P60, <04>, [BOOK], {604}
|a SNK
|b SNK
|y VYP
|7 0
|p 17A0396724
|o snkSB 67231 D1
|i snkKSP 11813/2003
|0 0
|1 0
|4 0
|d 2003-09-10
|l 0
|r 2005-01-02 00:00:00
|w 2026-02-24
|